Normal view
MARC view
Entry Topical Term
001 - CONTROL NUMBER
- control field: 49686
003 - CONTROL NUMBER IDENTIFIER
- control field: ARRUPE
005 - DATE AND TIME OF LATEST TRANSACTION
- control field: 20200318101922.0
008 - FIXED-LENGTH DATA ELEMENTS
- fixed length control field: 200318|| aca||aabn | a|a d
040 ## - CATALOGING SOURCE
- Original cataloging agency: ARRUPE
- Transcribing agency: ARRUPE
150 ## - HEADING--TOPICAL TERM
- Topical term or geographic name as entry element: God (Christianity)
670 ## - SOURCE DATA FOUND
- Source citation: Work cat.: (ARRUPE)0: Valles, Carlos G. (Carlos Gonzales), 1925- 47492, Sketches of God /, 1987.